D'Aulaire's Book of Greek Myths / (Record no. 9013)
[ view plain ]
| 000 -LEADER | |
|---|---|
| fixed length control field | 01386nam a22002537a 4500 |
| 001 - CONTROL NUMBER | |
| control field | 9013 |
| 003 - CONTROL NUMBER IDENTIFIER | |
| control field | FISKH |
| 005 - DATE AND TIME OF LATEST TRANSACTION | |
| control field | 20251114094424.0 |
| 008 - FIXED-LENGTH DATA ELEMENTS--GENERAL INFORMATION | |
| fixed length control field | 251114b cb ||||| |||| 00| 0 eng d |
| 020 ## - INTERNATIONAL STANDARD BOOK NUMBER | |
| International Standard Book Number | 9780545250153 |
| 040 ## - CATALOGING SOURCE | |
| Original cataloging agency | FISKH |
| Language of cataloging | eng |
| Transcribing agency | FISKH |
| Modifying agency | FISKH |
| 050 ## - LIBRARY OF CONGRESS CALL NUMBER | |
| Classification number | PZ8.A86 I |
| 082 ## - DEWEY DECIMAL CLASSIFICATION NUMBER | |
| Classification number | 398.2093801 |
| 100 ## - MAIN ENTRY--PERSONAL NAME | |
| Personal name | D'Aulaire, Ingri |
| 245 ## - TITLE STATEMENT | |
| Title | D'Aulaire's Book of Greek Myths / |
| Statement of responsibility, etc. | By Ingri and Edgar Parin D' Aulaire's |
| 250 ## - EDITION STATEMENT | |
| Edition statement | First Scholastic printing, March 2010 |
| 260 ## - PUBLICATION, DISTRIBUTION, ETC. | |
| Place of publication, distribution, etc. | New York : |
| Name of publisher, distributor, etc. | Scholastic , |
| Date of publication, distribution, etc. | 1962. |
| 300 ## - PHYSICAL DESCRIPTION | |
| Extent | 192 pages : |
| Other physical details | Illustrations ; |
| Dimensions | 27 cm . |
| 520 ## - SUMMARY, ETC. | |
| Summary, etc. | Classic Literature. Juvenile Fiction. Juvenile Literature. Mythology. HTML:Read by Paul Newman, Sidney Poitier, Kathleen Turner, and Matthew Broderick<br/>Here are the immortals of Olympus�the gods and goddesses of ancient Greeceas freshly described as if they were alive today.<br/>Mighty Zeus with his fistful of thunderbolts; mischievous little Hermes; grey-eyed Athena, godess of wisdom; Asclepius, the first physician; Orpheus and his beloved Euridice; Helios the sun, crossing the heavens in his fiery chariot. . . these and other equally fabulous figures are featured here with their heroic deeds and petty squabbles illuminated in full dimension.<br/> |
| 650 ## - SUBJECT ADDED ENTRY--TOPICAL TERM | |
| Topical term or geographic name entry element | Greek mythology |
| Form subdivision | Non-fiction |
| 650 ## - SUBJECT ADDED ENTRY--TOPICAL TERM | |
| Topical term or geographic name entry element | Picture Book |
| Form subdivision | Non-fiction |
| 942 ## - ADDED ENTRY ELEMENTS (KOHA) | |
| Source of classification or shelving scheme | Dewey Decimal Classification |
| Koha item type | Books |
| Suppress in OPAC | No |
| Withdrawn status | Lost status | Source of classification or shelving scheme | Damaged status | Not for loan | Collection | Home library | Current library | Shelving location | Date acquired | Total Checkouts | Full call number | Barcode | Date last seen | Price effective from | Koha item type |
|---|---|---|---|---|---|---|---|---|---|---|---|---|---|---|---|
| Dewey Decimal Classification | Non-Fiction | Footprints International School Library Network Toul Tom Poung Campus | Footprints International School Library Network Toul Tom Poung Campus | TTP Secondary Non-Fiction Bookshelves | 11/14/2025 | D'AU 398.2093801 PZ8.A86 I | FISSE01473 | 11/14/2025 | 11/14/2025 | Books |
